000 01445nam a2200361 a 4500
001 000114541
003 CHAP
005 20220329144445.0
008 180302s2017 mx a fsm |||||||spa d
010 _a111002
011 _a111974
040 _cCHAP
090 _aTesis
100 1 _aCastillo Herrera, María de los Ángeles
_9134660
245 1 0 _aImplementación de paquetes tecnológicos para el mejoramiento de la producción de cebada maltera en el municipio de Villa de Arriaga, S. L. P. /
_h[En línea]
_cpor María de los Angeles Castillo Herrera y Luis Enrique Zavala Castro.
260 _aChapingo, Méx. :
_bEl autor,
_c2017.
500 _aPara ver el contenido del material haga clic en la liga
502 _aTesis (Ing. Agroindustrial) -- UACH. Departamento de Ingeniería Agroindustrial
590 _aBATCH
_b00
_c20181121
_lUCH01
_h0759
590 _aE11695DGD
_b10
_c20180302
_lUCH01
_h1331
590 _aE8697GMM
_b05
_c20180302
_lUCH01
_h0925
590 _aE8697GMM
_b05
_c20180302
_lUCH01
_h0927
590 _aE8697GMM
_b05
_c20180302
_lUCH01
_h1144
650 1 4 _aCebada maltera
_xMercadeo
_zSan Luis Potosí.
_9134656
650 1 4 _aCebada
_xRendimiento.
_920707
650 1 4 _aOrganización de productores.
_983544
700 1 _aZavala Castro, Luis Enrique
_9134661
856 _a1
_n0001414
856 _aFinding aid
_uhttp://10.13.5.2/tesis/sist114541.pdf
_zTeclea aquí
901 _aBK
942 _cTESIS
942 _n0
999 _c111002
_d111002